000 00419nam a2200181Ia 4500
005 20250603144529.0
008 250603s9999 xx 000 0 und d
020 _a9789381421611
050 _aPN 4783 .S29/
100 _aSaxena, Pawan Kumar
245 0 _aArt of news writing
260 _aNew delhi
260 _bRandom publications
260 _c2016
300 _a272 p
650 _aNew delhi
942 _cBK
999 _c39199
_d39199